Протоколы №№ 1-9 /подлинн./ Заседаний Совета Национальностей 2-й Сессии ЦИК СССР 7-го созыва

Доступно только в Электронных читальных залах Найти на картеНа карте
RUSMARC
00004742nac2a22003013x 450
00189d522e5-38aa-49e7-9002-4d1baf0eb4af
00520210716115907.0
100##$a20210612l19361936k y0rusy50 ca
1010#$arus
102##$aRU
105##$ay z |||||
1222#$ad19360111
$ad19360117
2001#$aПротоколы №№ 1-9 /подлинн./ Заседаний Совета Национальностей 2-й Сессии ЦИК СССР 7-го созыва
$j11.01.1936 - 17.01.1936
215##$a21 лист
251##$cДело
300##$aЗаголовок дела на папке: Протоколы № 1-9 Заседания Совета Национальностей 2-й Сессии ЦИК Союза ССР 7-го созыва. С 11 по 17 января 1936 г.
300##$aПодлинные
300##$aЧасть текста рукописная и машинописная, часть - напечатана типографским способом
330##$aВходит в раздел описи: VII-й Съезд Советов. 2-я Сессия ЦИК СССР
461#0$1001796d4672-8a00-4986-b488-6e42273792cc
$12001
$aЦЕНТРАЛЬНЫЙ ИСПОЛНИТЕЛЬНЫЙ КОМИТЕТ СССР (ЦИК СССР)
$1251
$cФонд
$1852
$j3316
$gР
462#0$10012246e4af-064a-4b66-b386-cae0ddb7fb2d
$12001
$aДела 7-го Съезда Советов и 1-й, 2-й, 3-й, 4-й Сессий 7-го созыва. 1935-1937 гг.
$vД. 100
$1251
$cОпись
$1852
$j7
5171#$aПротоколы № 1-9 Заседания Совета Национальностей 2-й Сессии ЦИК Союза ССР 7-го созыва. С 11 по 17 января 1936 г.
60101$3RU\NLR\AUTH\880357276
$aСССР
$bЦИК
60102$3RU\NLR\AUTH\880399376
$aСССР
$bЦИК
$bСозыв
$c7
$bСессия
$d2
60101$3RU\NLR\AUTH\880398223
$aСССР
$bЦентральный исполнительный комитет
$bСовет национальностей
801#0$aRU
$bGA_RF
801#1$aRU
$bГлавНИВЦ
$c20210612
$2rusmarc
801#2$aRU
$bПБ им. Б.Н. Ельцина
$c20210716
$gRCR
$2rusmarc
852##$aГА РФ
$j100
937##$d166248571
$hГАРФ
035##$aRuPRLIB51060470
856##$uhttp://readingroom.main.prlib.ru/item.aspx?id_node=n166248571&mode=full
Формат отображения